[Event "IECC TH-M-2763"]
[Site "IECC email"]
[Date "2007.07.10"]
[Round "?"]
[White "Sakic, Radislav"]
[Black "Mayer, Eduardo"]
[Result "1/2-1/2"]
[WhiteElo "2315"]
[BlackElo "2364"]
[PlyCount "59"]
[EventDate "2007.??.??"]
[EventType "tourn (corr)"]
[SourceTitle "Corr 2011"]
[Source "ChessBase"]
[SourceDate "2010.08.31"]
[SourceVersion "1"]
[SourceVersionDate "2010.08.31"]
[SourceQuality "1"]
[WhiteTeam "Italy"]
[BlackTeam "Argentina"]
[WhiteTeamCountry "ITA"]
[BlackTeamCountry "ARG"]

1. d4 Nf6 2. c4 g6 3. Nc3 Bg7 4. e4 d6 5. f3 0-0 6. Be3 e5 7. d5 Nh5 8. g4 Nf4 9. Qd2 f5 10. gxf5 gxf5 11. 0-0-0 Qh4 12. Nge2 Nxe2+ 13. Bxe2 f4 14. Bg1 Bh3 15. Bf1 a6 16. Bf2 Qh5 17. Qe2 Nd7 18. Bxh3 Qxh3 19. Rdg1 Kh8 20. Be1 Rg8 21. Na4 Bf6 22. Bb4 Rg6 23. Rxg6 hxg6 24. Kb1 Be7 25. Rg1 g5 26. Ba5 b6 27. Bd2 Nf6 28. Nc3 Rg8 29. Rf1 Rg6 30. a3 1/2-1/2

[Event "IECC TH-M-2681"]
[Site "IECC email"]
[Date "2006.11.28"]
[Round "?"]
[White "Sakic, Radislav"]
[Black "Vroom, Gerard"]
[Result "1-0"]
[WhiteElo "2289"]
[BlackElo "2106"]
[PlyCount "101"]
[EventDate "2006.??.??"]
[EventType "match (corr)"]
[EventRounds "2"]
[SourceTitle "Corr 2008"]
[Source "ChessBase"]
[SourceDate "2008.06.24"]
[SourceVersion "1"]
[SourceVersionDate "2008.06.24"]
[SourceQuality "1"]

1. d4 Nf6 2. c4 g6 3. Nc3 Bg7 4. e4 d6 5. Nf3 0-0 6. Be2 e5 7. 0-0 Nc6 8. d5 Ne7 9. b4 a5 10. Ba3 b6 11. bxa5 Nh5 12. Re1 f5 13. Bb4 bxa5 14. Ba3 Nf4 15. c5 fxe4 16. Nxe4 Ba6 17. Bxa6 Rxa6 18. Nfg5 Qd7 19. Qb3 a4 20. Qc4 Raa8 21. Ne6 Nxe6 22. cxd6 Nxd5 23. Qxd5 Kh8 24. Rab1 Rfd8 25. h3 h6 26. Red1 Nf4 27. Qb7 cxd6 28. Rxd6 Qxb7 29. Rxb7 Rxd6 30. Bxd6 Ra5 31. a3 Ne2+ 32. Kh2 Nd4 33. h4 Nf5 34. Bb4 Ra6 35. Kh3 Nd4 36. Kg4 Nc6 37. Bd6 Na5 38. Rd7 Nc4 39. Be7 Kg8 40. Rc7 Na5 41. h5 Nb3 42. Bd6 gxh5+ 43. Kxh5 Ra8 44. Kg6 Bh8 45. Rh7 Nc1 46. g4 Nd3 47. Kxh6 Rc8 48. g5 Nf4 49. Nf6+ Bxf6 50. gxf6 Nh5 51. f7# 1-0

[Event "IECC TH-M-2653"]
[Site "IECC email"]
[Date "2006.09.21"]
[Round "?"]
[White "Cottegnie, Francis"]
[Black "Sakic, Radislav"]
[Result "0-1"]
[WhiteElo "2253"]
[BlackElo "2298"]
[PlyCount "78"]
[EventDate "2006.??.??"]
[EventType "match (corr)"]
[EventRounds "2"]
[SourceTitle "Corr 2008"]
[Source "ChessBase"]
[SourceDate "2008.06.24"]
[SourceVersion "1"]
[SourceVersionDate "2008.06.24"]
[SourceQuality "1"]

1. d4 Nf6 2. c4 e5 3. dxe5 Ng4 4. Bf4 Nc6 5. Nf3 Bb4+ 6. Nc3 Qe7 7. Qd5 f6 8. exf6 Nxf6 9. Qd3 0-0 10. e3 d6 11. Qc2 Bg4 12. Be2 Ne4 13. 0-0 Bxc3 14. bxc3 Rae8 15. h3 Bh5 16. Rad1 Qf6 17. Ng5 Bxe2 18. Nxe4 Qf7 19. Qxe2 Rxe4 20. Qb2 b6 21. c5 dxc5 22. Qc2 Rc4 23. Rd2 Nd4 24. Qd1 Nb5 25. Be5 Nd6 26. Qb3 Ne8 27. f3 a6 28. Rfd1 b5 29. e4 Qg6 30. Kh2 h5 31. Rd5 Qf7 32. Bg3 Nf6 33. Rf5 g6 34. Rg5 Re8 35. Kg1 Re6 36. Qc2 Kg7 37. Bf4 Ng4 38. Qc1 Nf6 39. Rd8 Re8 0-1

[Event "IECC TH-M-2653"]
[Site "IECC email"]
[Date "2006.09.21"]
[Round "?"]
[White "Sakic, Radislav"]
[Black "Cottegnie, Francis"]
[Result "1-0"]
[WhiteElo "2287"]
[BlackElo "2264"]
[PlyCount "75"]
[EventDate "2006.??.??"]
[EventType "match (corr)"]
[EventRounds "2"]
[SourceTitle "Corr 2008"]
[Source "ChessBase"]
[SourceDate "2008.06.24"]
[SourceVersion "1"]
[SourceVersionDate "2008.06.24"]
[SourceQuality "1"]

1. d4 Nf6 2. c4 e5 3. dxe5 Ng4 4. Bf4 Nc6 5. Nf3 Bb4+ 6. Nc3 Bxc3+ 7. bxc3 Qe7 8. Qd5 f6 9. exf6 Nxf6 10. Qd3 d6 11. g3 0-0 12. Bg2 Ne5 13. Nxe5 dxe5 14. Bg5 c6 15. Qe3 Bf5 16. 0-0 Qe6 17. Bxf6 Rxf6 18. Rfd1 Bh3 19. c5 Bxg2 20. Kxg2 Raf8 21. f3 e4 22. f4 Rh6 23. h4 Rhf6 24. Rd4 Re8 25. Rb1 Rf7 26. Rdb4 Qxa2 27. Rxb7 Rfe7 28. Rxe7 Rxe7 29. Rd1 a5 30. Rd6 h6 31. Rxc6 a4 32. Kf2 Kh7 33. Rb6 a3 34. Ra6 Re8 35. Ra7 Qe6 36. Rxa3 Qh3 37. Ra4 Qh2+ 38. Ke1 1-0

[Event "IECC CL1-2006.06 email"]
[Site "IECC email"]
[Date "2006.08.08"]
[Round "?"]
[White "Djuric"]
[Black "Sakic, Radislav"]
[Result "0-1"]
[WhiteElo "2228"]
[BlackElo "2275"]
[PlyCount "72"]
[EventDate "2006.??.??"]
[EventType "tourn (corr)"]
[EventRounds "4"]
[SourceTitle "Corr 2015"]
[Source "ChessBase"]
[SourceDate "2015.07.17"]
[SourceVersion "1"]
[SourceVersionDate "2015.07.17"]
[SourceQuality "1"]
[WhiteTeam "SCG"]
[BlackTeam "SCG"]

1. e4 c5 2. Nf3 Nc6 3. d4 cxd4 4. Nxd4 Nf6 5. Nc3 e5 6. Ndb5 d6 7. Nd5 Nxd5 8. exd5 Nb8 9. Be3 Be7 10. Bd3 a6 11. Nc3 0-0 12. 0-0 f5 13. f3 Nd7 14. Qd2 Qc7 15. a4 b6 16. b4 Nf6 17. Ra3 Bd7 18. Rb1 Qb7 19. Bf2 Rfc8 20. g3 Bd8 21. b5 a5 22. Rd1 Rc7 23. Rb3 Rac8 24. Ra3 h6 25. Rb3 Nh7 26. h4 Nf6 27. Be2 Be7 28. Ra3 Be8 29. Bd3 g6 30. Be2 Bf8 31. Bf1 Bg7 32. Bg2 Bf7 33. Bf1 Nd7 34. Qe3 Rc5 35. Nb1 Rxc2 36. Bd3 Rb2 0-1

[Event "IECC TH-M-2644"]
[Site "IECC email"]
[Date "2006.07.11"]
[Round "?"]
[White "Djuric, Mirko"]
[Black "Sakic, Radislav"]
[Result "1/2-1/2"]
[WhiteElo "2218"]
[BlackElo "2290"]
[PlyCount "101"]
[EventDate "2006.??.??"]
[EventType "tourn (corr)"]
[SourceTitle "Corr 2020"]
[Source "ChessBase"]
[SourceDate "2019.09.30"]
[SourceVersion "1"]
[SourceVersionDate "2019.09.30"]
[SourceQuality "1"]
[WhiteTeam "SCG"]
[BlackTeam "SCG"]

1. d4 Nf6 2. c4 g6 3. Nc3 Bg7 4. e4 d6 5. f3 0-0 6. Be3 e5 7. dxe5 dxe5 8. Qxd8 Rxd8 9. Rd1 Rxd1+ 10. Kxd1 c6 11. Nge2 Be6 12. Nc1 Na6 13. Kc2 b6 14. a3 Nc5 15. Nd3 Nxd3 16. Bxd3 Bf8 17. Be2 Kg7 18. Rd1 Be7 19. Na2 Rc8 20. g3 Nd7 21. Nc3 Rd8 22. Na4 h6 23. Nc3 Bg5 24. Bf2 Be7 25. Na2 Rc8 26. Be3 a5 27. Nc3 Nc5 28. Bf2 f5 29. Be3 g5 30. b4 axb4 31. axb4 Na6 32. Bxb6 Nxb4+ 33. Kb3 f4 34. gxf4 exf4 35. Bd4+ Kf7 36. Be5 Ra8 37. Na4 h5 38. Bd6 Nc2 39. Nc5 Ne3 40. Rd4 Ra3+ 41. Kxa3 Nc2+ 42. Kb2 Nxd4 43. Nxe6 Kxe6 44. Bxe7 Kxe7 45. Bd1 c5 46. Kc3 Kf6 47. h3 Nc6 48. Kb3 Ne5 49. Kc3 Kg7 50. Be2 g4 51. fxg4 1/2-1/2

[Event "IECC CL1-2006.03 email"]
[Site "IECC email"]
[Date "2006.03.20"]
[Round "?"]
[White "Dayants, Vladimir"]
[Black "Sakic, Radislav"]
[Result "1/2-1/2"]
[WhiteElo "2108"]
[BlackElo "2288"]
[PlyCount "90"]
[EventDate "2006.??.??"]
[EventType "tourn (corr)"]
[EventRounds "4"]
[SourceTitle "Corr 2015"]
[Source "ChessBase"]
[SourceDate "2015.07.17"]
[SourceVersion "1"]
[SourceVersionDate "2015.07.17"]
[SourceQuality "1"]
[WhiteTeam "Armenia"]
[BlackTeam "SCG"]
[WhiteTeamCountry "ARM"]

1. e4 c5 2. Nf3 Nc6 3. d4 cxd4 4. Nxd4 Nf6 5. Nc3 e5 6. Ndb5 d6 7. Bg5 a6 8. Na3 b5 9. Bxf6 gxf6 10. Nd5 f5 11. exf5 Bxf5 12. Bd3 Be6 13. Be4 Rc8 14. c3 Bg7 15. Qd3 Ne7 16. Nxe7 Kxe7 17. Bd5 Qb6 18. 0-0 Qc5 19. Bxe6 fxe6 20. Nc2 a5 21. a3 d5 22. Rad1 h5 23. Qh3 Rcf8 24. b4 axb4 25. axb4 Qc6 26. Rde1 d4 27. Rc1 dxc3 28. Ra1 Ra8 29. Qe3 Kf7 30. Qh3 e4 31. Rxa8 Qxa8 32. Rd1 Qc6 33. Qh4 Bf6 34. Qf4 Ke7 35. h3 Rg8 36. h4 Rf8 37. Qh6 Bxh4 38. g3 Bf6 39. Qh7+ Rf7 40. Qxh5 Rg7 41. Ra1 Qb6 42. Kf1 Rf7 43. Kg1 Bg7 44. Ne3 Bd4 45. Qh4+ Kd7 1/2-1/2

[Event "IECC CL1-2006.03 email"]
[Site "IECC email"]
[Date "2006.03.20"]
[Round "?"]
[White "Sakic, Radislav"]
[Black "Le Duigou, Jean Guy"]
[Result "1/2-1/2"]
[WhiteElo "2284"]
[BlackElo "2235"]
[PlyCount "55"]
[EventDate "2006.??.??"]
[EventType "tourn (corr)"]
[EventRounds "4"]
[SourceTitle "Corr 2015"]
[Source "ChessBase"]
[SourceDate "2015.07.17"]
[SourceVersion "1"]
[SourceVersionDate "2015.07.17"]
[SourceQuality "1"]

1. d4 Nf6 2. c4 e6 3. Nf3 b6 4. Nc3 Bb7 5. Bg5 h6 6. Bh4 Bb4 7. e3 c5 8. a3 Bxc3+ 9. bxc3 d6 10. Bd3 Nbd7 11. 0-0 0-0 12. Nd2 Qc7 13. f3 Rfe8 14. Ne4 Nxe4 15. fxe4 e5 16. Qg4 Nf8 17. Ra2 Bc8 18. Qh5 Ng6 19. Raf2 Nh8 20. h3 Ba6 21. Bg3 cxd4 22. cxd4 Bxc4 23. Rc1 b5 24. Rfc2 Qa5 25. Bxc4 bxc4 26. Rxc4 Qxa3 27. R4c3 Qb4 28. Qf3 1/2-1/2

[Event "IECC CL1-2006.03 email"]
[Site "IECC email"]
[Date "2006.03.20"]
[Round "?"]
[White "Sakic, Radislav"]
[Black "Petkov, Stamat"]
[Result "1/2-1/2"]
[WhiteElo "2287"]
[BlackElo "2325"]
[PlyCount "72"]
[EventDate "2006.??.??"]
[EventType "tourn (corr)"]
[EventRounds "4"]
[SourceTitle "Corr 2015"]
[Source "ChessBase"]
[SourceDate "2015.07.17"]
[SourceVersion "1"]
[SourceVersionDate "2015.07.17"]
[SourceQuality "1"]

1. d4 Nf6 2. c4 g6 3. Nc3 d5 4. Nf3 Bg7 5. cxd5 Nxd5 6. e4 Nxc3 7. bxc3 c5 8. Be2 0-0 9. 0-0 b6 10. Be3 Bb7 11. Qc2 cxd4 12. cxd4 e6 13. Rfc1 Nc6 14. Rab1 Rc8 15. Qa4 Na5 16. e5 Qe8 17. Qxe8 Rfxe8 18. Bb5 Red8 19. Bg5 Rxc1+ 20. Rxc1 Rc8 21. Rxc8+ Bxc8 22. Nd2 Bb7 23. Nc4 Nxc4 24. Bxc4 Bc6 25. f3 b5 26. Bd3 b4 27. Be4 Bb5 28. Bc2 Kf8 29. Kf2 Ke8 30. Ke3 h6 31. Bh4 Bf8 32. Bd3 Bc6 33. Bf6 a5 34. Be4 Kd7 35. Kd2 a4 36. Bc2 Be7 1/2-1/2

[Event "IECC CL1-2006.03 email"]
[Site "IECC email"]
[Date "2006.03.20"]
[Round "?"]
[White "Vroom, Gerard"]
[Black "Sakic, Radislav"]
[Result "0-1"]
[WhiteElo "2215"]
[BlackElo "2283"]
[PlyCount "118"]
[EventDate "2006.??.??"]
[EventType "tourn (corr)"]
[EventRounds "4"]
[SourceTitle "Corr 2015"]
[Source "ChessBase"]
[SourceDate "2015.07.17"]
[SourceVersion "1"]
[SourceVersionDate "2015.07.17"]
[SourceQuality "1"]
[WhiteTeam "Netherlands"]
[BlackTeam "SCG"]
[WhiteTeamCountry "NED"]

1. e4 c5 2. Nf3 Nc6 3. d4 cxd4 4. Nxd4 Nf6 5. Nc3 e5 6. Ndb5 d6 7. a4 a6 8. Na3 Bg4 9. Qd3 Be6 10. Be2 d5 11. exd5 Nxd5 12. 0-0 Nd4 13. Bd1 Nxc3 14. bxc3 Nc6 15. Nc4 Qxd3 16. cxd3 0-0-0 17. Nb2 Bc5 18. a5 Kc7 19. Re1 Rhe8 20. Bg5 f6 21. Bc1 Bf5 22. Bc2 Ba7 23. Rb1 Nxa5 24. Ra1 Nc6 25. h3 a5 26. g4 Bg6 27. h4 b5 28. h5 Bf7 29. Kf1 b4 30. Bd2 b3 31. Bd1 g6 32. h6 f5 33. g5 Bc5 34. Ra4 Rd7 35. Bc1 Be6 36. f4 e4 37. d4 Be7 38. Be3 Ra8 39. Be2 Rdd8 40. Rd1 Bg8 41. Rda1 Rdb8 42. Rd1 Bd5 43. Rda1 Bf7 44. Kf2 Bd6 45. Bf1 Kd7 46. d5 Ne7 47. Bc4 Bxd5 48. Rd1 Bxc4 49. Nxc4 Ra6 50. Bc5 b2 51. Bxd6 b1Q 52. Rxb1 Rxb1 53. Be5 Nd5 54. Rxa5 Rxa5 55. Nxa5 Rb2+ 56. Ke1 Ne3 57. c4 Ng2+ 58. Kd1 Ra2 59. Nb3 e3 0-1

[Event "IECC CL1-2005.18 email"]
[Site "IECC email"]
[Date "2006.01.10"]
[Round "?"]
[White "Sakic, Radislav"]
[Black "Hassim, Unes"]
[Result "1/2-1/2"]
[WhiteElo "2289"]
[BlackElo "2237"]
[PlyCount "61"]
[EventDate "2005.??.??"]
[EventType "tourn (corr)"]
[EventRounds "4"]
[SourceTitle "Corr 2008"]
[Source "ChessBase"]
[SourceDate "2008.06.24"]
[SourceVersion "1"]
[SourceVersionDate "2008.06.24"]
[SourceQuality "1"]

1. d4 Nf6 2. c4 e6 3. Nf3 d5 4. Nc3 c6 5. e3 Nbd7 6. Bd3 dxc4 7. Bxc4 b5 8. Bd3 Bb7 9. e4 b4 10. Na4 c5 11. e5 Nd5 12. 0-0 cxd4 13. Re1 Rc8 14. Nxd4 g6 15. Qg4 Qa5 16. Bb5 Rc7 17. Bg5 h5 18. Qh4 a6 19. Bxd7+ Rxd7 20. b3 Bg7 21. Nf3 0-0 22. Bd2 Nc3 23. a3 Rxd2 24. Nxd2 Nxa4 25. bxa4 Bxe5 26. Nc4 Qd5 27. Ne3 Qe4 28. Qxe4 Bxe4 29. axb4 Bxa1 30. Rxa1 Rb8 31. f3 1/2-1/2

[Event "IECC CL1-2005.17 email"]
[Site "IECC email"]
[Date "2005.11.28"]
[Round "?"]
[White "Mayer, Cristian"]
[Black "Sakic, Radislav"]
[Result "0-1"]
[WhiteElo "2183"]
[BlackElo "2280"]
[PlyCount "36"]
[EventDate "2005.??.??"]
[EventType "tourn (corr)"]
[EventRounds "4"]
[SourceTitle "Corr 2008"]
[Source "ChessBase"]
[SourceDate "2008.06.24"]
[SourceVersion "1"]
[SourceVersionDate "2008.06.24"]
[SourceQuality "1"]

1. e4 c5 2. Nf3 Nc6 3. d4 cxd4 4. Nxd4 Nf6 5. Nc3 e5 6. Ndb5 d6 7. Bg5 a6 8. Bxf6 gxf6 9. Na3 f5 10. exf5 Bxf5 11. Nc4 Be6 12. Ne3 Bh6 13. Ned5 Nd4 14. Bd3 0-0 15. 0-0 f5 16. Qh5 Bg7 17. f3 Rc8 18. Ne3 Rc5 0-1

[Event "IECC CL1-2005.17 email"]
[Site "IECC email"]
[Date "2005.11.28"]
[Round "?"]
[White "Sakic, Radislav"]
[Black "Le Duigou, Jean Guy"]
[Result "1-0"]
[WhiteElo "2277"]
[BlackElo "2281"]
[PlyCount "59"]
[EventDate "2005.??.??"]
[EventType "tourn (corr)"]
[EventRounds "4"]
[SourceTitle "Corr 2008"]
[Source "ChessBase"]
[SourceDate "2008.06.24"]
[SourceVersion "1"]
[SourceVersionDate "2008.06.24"]
[SourceQuality "1"]

1. d4 Nf6 2. c4 e6 3. Nf3 b6 4. Nc3 Bb7 5. Bg5 Be7 6. e3 Ne4 7. Nxe4 Bxe4 8. Bxe7 Qxe7 9. a3 0-0 10. Bd3 Bxd3 11. Qxd3 d6 12. 0-0 Nd7 13. d5 e5 14. Qf5 g6 15. Qc2 f5 16. b4 a5 17. Nd2 axb4 18. axb4 Nf6 19. Rfd1 Rxa1 20. Rxa1 b5 21. Ra7 e4 22. cxb5 Nxd5 23. b6 Nxb6 24. Rxc7 Qe6 25. b5 Ra8 26. h3 Nd5 27. Rb7 Qc8 28. Qxc8+ Rxc8 29. b6 Kf8 30. Nb3 1-0

[Event "IECC CL1-2005.11 email"]
[Site "IECC email"]
[Date "2005.08.27"]
[Round "?"]
[White "Kirpikov, Alexander Leonidovi"]
[Black "Sakic, Radislav"]
[Result "1/2-1/2"]
[WhiteElo "2171"]
[BlackElo "2267"]
[PlyCount "40"]
[EventDate "2005.??.??"]
[EventType "tourn (corr)"]
[EventRounds "4"]
[SourceTitle "Corr 2008"]
[Source "ChessBase"]
[SourceDate "2008.06.24"]
[SourceVersion "1"]
[SourceVersionDate "2008.06.24"]
[SourceQuality "1"]

1. e4 c5 2. Nf3 Nc6 3. d4 cxd4 4. Nxd4 Nf6 5. Nc3 e5 6. Ndb5 d6 7. Bg5 a6 8. Na3 b5 9. Bxf6 gxf6 10. Nd5 f5 11. Bd3 Be6 12. 0-0 Rc8 13. c4 fxe4 14. Bxe4 Nd4 15. f4 h5 16. f5 Bxd5 17. Bxd5 Qa5 18. Re1 Be7 19. f6 bxc4 20. Bxc4 Bd8 1/2-1/2

[Event "IECC TH-M-2555"]
[Site "IECC email"]
[Date "2005.07.29"]
[Round "?"]
[White "Mayer, Eduardo"]
[Black "Sakic, Radislav"]
[Result "1/2-1/2"]
[WhiteElo "2279"]
[BlackElo "2253"]
[PlyCount "48"]
[EventDate "2005.??.??"]
[EventType "match (corr)"]
[EventRounds "2"]
[SourceTitle "Corr 2008"]
[Source "ChessBase"]
[SourceDate "2008.06.24"]
[SourceVersion "1"]
[SourceVersionDate "2008.06.24"]
[SourceQuality "1"]

1. d4 Nf6 2. c4 g6 3. Nc3 Bg7 4. e4 d6 5. Nf3 0-0 6. Be2 e5 7. 0-0 Nc6 8. d5 Ne7 9. b4 Nh5 10. Re1 f5 11. Ng5 Nf4 12. Bxf4 exf4 13. Rc1 Bf6 14. Ne6 Bxe6 15. dxe6 Bxc3 16. Rxc3 fxe4 17. Bf1 e3 18. fxe3 a5 19. b5 fxe3 20. Rcxe3 c6 21. bxc6 bxc6 22. Kh1 Qb6 23. Rb3 Qf2 24. Be2 Rae8 1/2-1/2

[Event "IECC CL1-2005.04 email"]
[Site "IECC email"]
[Date "2005.02.27"]
[Round "?"]
[White "Sakic, Radislav"]
[Black "Vroom, Gerard"]
[Result "1-0"]
[WhiteElo "2234"]
[BlackElo "2252"]
[PlyCount "101"]
[EventDate "2005.??.??"]
[EventType "tourn (corr)"]
[EventRounds "4"]
[SourceTitle "Corr 2015"]
[Source "ChessBase"]
[SourceDate "2015.07.17"]
[SourceVersion "1"]
[SourceVersionDate "2015.07.17"]
[SourceQuality "1"]

1. d4 d5 2. c4 c6 3. Nc3 e6 4. e3 Nf6 5. Nf3 Nbd7 6. Bd3 dxc4 7. Bxc4 b5 8. Bd3 a6 9. e4 c5 10. d5 Bb7 11. 0-0 Qc7 12. dxe6 fxe6 13. Qe2 c4 14. Bc2 Bd6 15. Ng5 Nf8 16. f4 e5 17. a4 h6 18. Nf3 N8d7 19. axb5 axb5 20. Be3 Rxa1 21. Rxa1 Bc6 22. Nxb5 Bxb5 23. Ra8+ Nb8 24. Ra7 Qc8 25. fxe5 Bc5 26. exf6 Bxa7 27. Bxa7 Qc7 28. Bf2 gxf6 29. e5 Qe7 30. Qe4 Bc6 31. Qxc4 fxe5 32. Bh4 Qa7+ 33. Kh1 Qa1+ 34. Ne1 Kd7 35. Qg4+ Kc7 36. Qg7+ Nd7 37. Qxh8 Qxb2 38. Qxh6 Qb4 39. Bg3 Qg4 40. Qe3 Kd8 41. Nf3 Qc4 42. Bd3 Qa4 43. Nxe5 Nxe5 44. Qxe5 Qd1+ 45. Be1 Bxg2+ 46. Kxg2 Qxd3 47. Qh8+ Ke7 48. Bh4+ Kf7 49. Qf6+ Kg8 50. Qd8+ Qxd8 51. Bxd8 1-0

[Event "IECC CL1-2005.02 email"]
[Site "IECC email"]
[Date "2005.01.29"]
[Round "?"]
[White "Dantas, Roberto"]
[Black "Sakic, Radislav"]
[Result "0-1"]
[WhiteElo "2190"]
[BlackElo "2241"]
[PlyCount "127"]
[EventDate "2005.??.??"]
[EventType "tourn (corr)"]
[EventRounds "4"]
[SourceTitle "Corr 2015"]
[Source "ChessBase"]
[SourceDate "2015.07.17"]
[SourceVersion "1"]
[SourceVersionDate "2015.07.17"]
[SourceQuality "1"]

1. d4 Nf6 2. Bg5 Ne4 3. Bh4 c5 4. f3 g5 5. fxe4 gxh4 6. e3 Bh6 7. Kf2 cxd4 8. exd4 Qb6 9. Nc3 e6 10. Nf3 Nc6 11. Bb5 Bg7 12. Bxc6 dxc6 13. Na4 Qb5 14. b3 Qh5 15. Ne5 Qg5 16. Qc1 h6 17. Rd1 Bxe5 18. dxe5 Qxe5 19. Qb2 Qf4+ 20. Kg1 Rg8 21. Qd4 Qg5 22. Rd2 e5 23. Qf2 b6 24. Rf1 Be6 25. Rd6 Qe7 26. Rfd1 Bd5 27. Rf6 Bxe4 28. g3 hxg3 29. hxg3 Bxc2 30. Rf1 Bd3 31. Re1 Rg6 32. Rxg6 Bxg6 33. Qd2 e4 34. Qc3 Qc7 35. Qh8+ Ke7 36. Qxa8 Qxg3+ 37. Kf1 Bf5 38. Qb7+ Kf8 39. Qa8+ Kg7 40. Qd8 Bh3+ 41. Ke2 Qf3+ 42. Kd2 Qf2+ 43. Kc3 Qxe1+ 44. Qd2 Qxd2+ 45. Kxd2 h5 46. Ke3 f5 47. Kf4 Kf6 48. Nb2 h4 49. Nc4 Bg2 50. Ne3 h3 51. Nxf5 h2 52. Ng3 h1Q 53. Nxh1 Bxh1 54. Ke3 Ke5 55. a3 Kd5 56. Kf2 Kd4 57. Ke1 Kd3 58. Kd1 e3 59. Ke1 e2 60. a4 a5 61. b4 axb4 62. a5 b3 63. Kf2 b2 64. Kg3 0-1

[Event "IECC TH-M-2513"]
[Site "IECC email"]
[Date "2005.01.10"]
[Round "?"]
[White "Sakic, Radislav"]
[Black "Grego, Luis Jose Gonzaga"]
[Result "1-0"]
[WhiteElo "2194"]
[BlackElo "2040"]
[PlyCount "47"]
[EventDate "2005.??.??"]
[EventType "tourn (corr)"]
[SourceTitle "Corr 2020"]
[Source "ChessBase"]
[SourceDate "2019.09.30"]
[SourceVersion "1"]
[SourceVersionDate "2019.09.30"]
[SourceQuality "1"]
[WhiteTeam "SCG"]
[BlackTeam "Portugal"]
[BlackTeamCountry "POR"]

1. d4 Nf6 2. c4 g6 3. Nc3 Bg7 4. e4 d6 5. Nf3 0-0 6. Be2 e5 7. 0-0 Nbd7 8. Re1 Re8 9. Bf1 a5 10. dxe5 dxe5 11. Be3 c6 12. Na4 Qc7 13. Qc2 b6 14. c5 bxc5 15. Rad1 Rb8 16. Bc4 Ng4 17. Bxf7+ Kxf7 18. Qc4+ Ke7 19. Ng5 Nh6 20. Qe6+ Kd8 21. Nf7+ Nxf7 22. Qxf7 Bf8 23. Nxc5 Bxc5 24. Bxc5 1-0

[Event "IECC TH-M-2512"]
[Site "IECC email"]
[Date "2005.01.09"]
[Round "?"]
[White "Costa, Paulo Cesar"]
[Black "Sakic, Radislav"]
[Result "1/2-1/2"]
[WhiteElo "2083"]
[BlackElo "2228"]
[PlyCount "92"]
[EventDate "2005.??.??"]
[EventType "tourn (corr)"]
[SourceTitle "Corr 2020"]
[Source "ChessBase"]
[SourceDate "2019.09.30"]
[SourceVersion "1"]
[SourceVersionDate "2019.09.30"]
[SourceQuality "1"]
[WhiteTeam "Brazil"]
[BlackTeam "SCG"]
[WhiteTeamCountry "BRA"]

1. d4 d5 2. c4 c6 3. Nc3 Nf6 4. Nf3 e6 5. Bg5 dxc4 6. e4 b5 7. e5 h6 8. Bh4 g5 9. Nxg5 hxg5 10. Bxg5 Nbd7 11. exf6 Bb7 12. g3 c5 13. d5 Qb6 14. Bg2 0-0-0 15. 0-0 b4 16. Na4 Qb5 17. a3 exd5 18. axb4 cxb4 19. Be3 Nc5 20. Qg4+ Rd7 21. Bxc5 Bxc5 22. Qg7 Rdd8 23. Nxc5 Qxc5 24. Qxf7 Qb6 25. Rfe1 Rhf8 26. Qe6+ Qxe6 27. Rxe6 c3 28. bxc3 bxc3 29. Rxa7 Rde8 30. Rxe8+ Rxe8 31. f4 Kb8 32. Ra1 Rf8 33. Rb1 Rxf6 34. Bxd5 c2 35. Rc1 Bxd5 36. Rxc2 Bc6 37. h4 Kc7 38. h5 Kd6 39. Rh2 Rf8 40. h6 Ke7 41. Kf2 Bd7 42. Kf3 Bc6+ 43. Ke3 Bd7 44. Rh4 Rh8 45. g4 Bxg4 46. Rxg4 Rxh6 1/2-1/2

[Event "IECC TH-M-2512"]
[Site "IECC email"]
[Date "2005.01.09"]
[Round "?"]
[White "Sakic, Radislav"]
[Black "Costa, Paulo Cesar"]
[Result "1-0"]
[WhiteElo "2244"]
[BlackElo "2089"]
[PlyCount "95"]
[EventDate "2005.??.??"]
[EventType "tourn (corr)"]
[SourceTitle "Corr 2020"]
[Source "ChessBase"]
[SourceDate "2019.09.30"]
[SourceVersion "1"]
[SourceVersionDate "2019.09.30"]
[SourceQuality "1"]
[WhiteTeam "SCG"]
[BlackTeam "Brazil"]
[BlackTeamCountry "BRA"]

1. d4 d5 2. c4 c6 3. Nc3 Nf6 4. Nf3 e6 5. Bg5 dxc4 6. e4 b5 7. e5 h6 8. Bh4 g5 9. Nxg5 hxg5 10. Bxg5 Nbd7 11. exf6 Bb7 12. g3 c5 13. d5 Qa5 14. Bg2 Nb6 15. 0-0 0-0-0 16. Bd2 b4 17. dxe6 Bxg2 18. e7 Bxf1 19. Qg4+ Nd7 20. Ne4 Qb6 21. exd8Q+ Kxd8 22. Rxf1 Ne5 23. Qf5 Qe6 24. Qxe6 fxe6 25. Be3 Ke8 26. f3 Nd3 27. Rb1 Kf7 28. g4 a6 29. Kg2 b3 30. axb3 cxb3 31. Bd2 c4 32. Kg3 Bc5 33. Nxc5 Nxc5 34. g5 Rd8 35. Bb4 Nd3 36. Bc3 Rd5 37. h4 Rf5 38. Kg4 a5 39. Rg1 Ne5+ 40. Kh5 Ng6 41. Rd1 Rxf3 42. Rd7+ Ke8 43. Ra7 Nf4+ 44. Kg4 Rxc3 45. Kxf4 Rc1 46. g6 Rf1+ 47. Ke5 Re1+ 48. Kd6 1-0